| 000 | 01623cam a2200289 4500 | ||
|---|---|---|---|
| 001 | ABS64009 | ||
| 008 | 000000n2001 000 0 eng u | ||
| 035 | _a(Sirsi) u112800 | ||
| 100 | _aJoyce, J | ||
| 245 | _aGet down to business | ||
| 260 | _c2001 | ||
| 490 |
_aEstates Gazette _v(0118) 5 May 2001, 166-168(3) |
||
| 520 | _aOn 19 March 2001, government published a consultation paper outlining proposals to streamline business tenancies as defined in the Landlord and Tenant Act 1954. Government originally planned to use the order-making powers under the Regulatory Reform Act to push the reforms through quickly, but is now considering using a parliamentary bill to enact the reforms. Article provides a summary of current discrepancies with the Landlord and Tenant Act 1954, government proposals for reform, and related discussion. The proposals include the following: an improved procedure for excluding security of tenure; a more streamlined renewal process; allowing tenants the right to apply for interim rent; less complex rules on surrenders and termination of fixed-term leases by the tenant; a maximum term of 15 years for a renewal lease. The deadline for responses to the consultation paper is 30 June 2001. | ||
| 590 | _aABS | ||
| 650 | _aLANDLORD AND TENANT ACT 1954 | ||
| 650 | _aBUSINESS TENANCIES | ||
| 650 | _aREFORM | ||
| 650 | _aSECURITY OF TENURE | ||
| 650 | _aRENEWAL | ||
| 650 | _aINTERIM RENT | ||
| 650 | _aTERMINATION | ||
| 650 | _aSURRENDERS | ||
| 650 | _aTIME LIMITS | ||
| 650 | _aCOUNTER NOTICE | ||
| 690 | _aLANDLORD AND TENANT-BUSINESS TENANCIES | ||
| 942 | _n0 | ||
| 999 |
_c67150 _d67150 |
||